Mathematical methods for physics: Problems and solutions (Record no. 1237742)

MARC details
000 -LEADER
fixed length control field 00754nam a2200241Ia 4500
005 - DATE AND TIME OF LATEST TRANSACTION
control field 20250117103549.0
008 - FIXED-LENGTH DATA ELEMENTS--GENERAL INFORMATION
fixed length control field 008 250103s9999 xx 000 0 eng d
020 ## - INTERNATIONAL STANDARD BOOK NUMBER
International Standard Book Number 9789814968713
037 ## - SOURCE OF ACQUISITION
Stock number Textual
040 ## - CATALOGING SOURCE
Original cataloging agency CSL
Language of cataloging eng
Transcribing agency CSL
041 ## - LANGUAGE CODE
Language code of text/sound track or separate title eng
Source of code eng
084 ## - COLON CLASSIFICATION NUMBER
Classification number C0bB R4
Assigning agency CSL
100 ## - MAIN ENTRY--PERSONAL NAME
Personal name Aliev, Farkhad G
9 (RLIN) 731691
245 #0 - TITLE STATEMENT
Title Mathematical methods for physics: Problems and solutions
Statement of responsibility, etc. Aliev, Farkhad G; Lara, Antonio
260 ## - PUBLICATION, DISTRIBUTION, ETC.
Place of publication, distribution, etc. Singapore
Name of publisher, distributor, etc. Jenny Stanford Publishing
Date of publication, distribution, etc. 2024
300 ## - PHYSICAL DESCRIPTION
Extent xiv, 523p. ill.
650 ## - SUBJECT ADDED ENTRY--TOPICAL TERM
Topical term or geographic name entry element Cylindrical coordinates
9 (RLIN) 733893
650 ## - SUBJECT ADDED ENTRY--TOPICAL TERM
Topical term or geographic name entry element Polar coordinates
9 (RLIN) 733894
650 ## - SUBJECT ADDED ENTRY--TOPICAL TERM
Topical term or geographic name entry element Physics
700 ## - ADDED ENTRY--PERSONAL NAME
Personal name Lara, Antonio
9 (RLIN) 731693
942 ## - ADDED ENTRY ELEMENTS (KOHA)
Koha item type Textual
Classification part C0bB R4
Holdings
Withdrawn status Lost status Damaged status Not for loan Home library Current library Date acquired Source of acquisition Inventory number Total Checkouts Full call number Barcode Date last seen Price effective from Koha item type
        Central Science Library Central Science Library 2025-01-17 Metro Books Pvt. Ltd. 0351, 13/12/2023   C0bB R4 SL1655692 2025-01-17 2025-01-17 Textual
Copyright @ Delhi University Library System